GR4 Dirigentes África, Asia, LA - Estadísticas

Estadísticas generales
  • Esta prueba ha sido intentada 4 veces
    1 desde el último reinicio
  • La puntuación promedio es 36 de 113
Estadísticas de respuestas
Hint Respuesta % Correcto
Liberado Nelson Mandela 11 febrero 1990
100%
Presidente Nelson Mandela fecha elecciones 27 abril 1994
100%
P Egipto 2014-hoy Abdel Fattah al-Sisi
100%
Termina la GERD y sigue hoy d 2018 PM Abiy Ahmed
100%
Independencia Nigeria primer Presidente Abubakar Tafawa Balewa
100%
PM Egipto 2004–2011 Ahmed Nazif
100%
P Egipto 1970 Anwar El-Sadat
100%
Conglomerados Sudáfrica 3 industria militar 1968 Armscor
100%
Tradición colonial Sudáfrica Cecil Rhodes
100%
Intentos de reforma Cyril Ramaphosa
100%
Conglomerados Sudáfrica 1 Electricidad Eskom
100%
P anterior Gabriel Boric
100%
P Egipto 1954 Gamal Abdel Nasser
100%
Sucesor desarrollo crece 8 % Hailemariam Desalegn
100%
Emperador Etiopía 1974 Haile Selassie
100%
P Egipto 1981 - 2011 Hosni Mubarak
100%
Régimen 1986 negocia PAE Ibrahim Babangida
100%
Presidente Sudáfrica 2010, Captura estatal Jacob Zuma
100%
Tanzania Presi Julius Nyerere
100%
P 1934 - 1940 Lázaro Cárdenas
100%
Frente Democrático Revolucionario Pueblo Etíope - Modelo Desarrollo Meles Zenawi
100%
Régimen militar del Derg dirigido por Mengistu Mariam
100%
Chicago Boys 3 Miguel Kast
100%
Nacionalismo Egipto 1952 Movimiento Movimiento Oficiales Libres
100%
Nigeria independencia 1960 y industrialización y welfare Occidental 1, PM Nnamdi Azikiwe
100%
Nigeria independencia 1960 y industrialización y welfare Occidental 2 Obafemi Awolowo
100%
P militar 70s, P civil 1999 Nigeria Olusegun Obasanjo
100%
P 1920s Plutarco Elías Calles
100%
Régimen (1993–98) ISI + aislamiento tras sanciones 1995. Sani Abacha
100%
Conglomerados Sudáfrica 2 combustibles sintéticos 1950 Sasol
100%
Crisis balanza pagos tras crisis petróleo 1970s, transición civil Shehu Shagari
100%
Sudáfrica 1996: estrategia GEAR 2 Thabo Mbeki
100%
Conglomerados Sudáfrica 4, transporte. Transnet
100%
Sudáfrica 1996: estrategia GEAR 1 Trevor Manuel
100%
Doctrina socialismo africano autogestionado Tanzania Ujamaa
100%
Estado rentista, tras G Biafra 1967-1970, P miitar Yakubu Gowon
100%
Corredor GN Ajaokuta-Kaduna-Kano
0%
P Perú (2006–2011) Alan García
0%
P Perú (2001–2006) Alejandro Toledo
0%
P 2002-2010 Álvaro Uribe
0%
Economista Indio 1 Amartya Sen
0%
Morena 1 AMLO
0%
Plan Colombia EEUU 2000 Andrés Pastrana
0%
Hoy Malasia Anwar Ibrahim
0%
Gobs Concertación 1 Aylwin
0%
Gobs Concertación 4 Bachelet
0%
Parque industrial 2 Bole Lemi
0%
Plan Convertibilidad Argentina (P 1989 - 1999) Carlos Menem
0%
P 1988 - 1994 Carlos Salinas Gortari
0%
P 1990 - 1994 Cesar Gaviria
0%
Taiwan 78-88 Chiang Ching-kuo
0%
P Corea 1980 - 1988 Chun Doo-hwan
0%
Morena 2 Claudia Sheinbaum
0%
P 2007-2015 Argentina Cristina Fernández de Kirchner
0%
P Perú (2022-2025) Dina Boluarte
0%
P 2018 - 2022 Iván Duque
0%
Plan Vietnam 1986 Doi Moi
0%
Plan Convertibilidad Argentina (M Eco) Domingo Cavallo
0%
Presidenta actual india Draupadi Murmu
0%
Plan Jefes y Jefas Hogar, VP Eduardo Duhalde
0%
Prospera: 2014 Enrique Peña Nieto
0%
Progresa: 1997 Ernesto Zedillo
0%
Default 2001 (Corralito) Fernando de la Rúa
0%
Plan Real Brasil 1994 Fernando Henrique Cardoso
0%
Gobs Concertación 2 Frei
0%
Japón nuevo capitalismo PM 2021-2024 Fumio Kishida
0%
Corredor Gauteng–Maputo–Beira
0%
Actual Gustavo Petro
0%
Japón Gobernador del BoJ durante Abe Haruhiko Kuroda
0%
Parque industrial 1 Hawassa
0%
Japón MAE Actual Hayashi Yoshimasa
0%
Japón “Income Doubling Plan” 1960 PM Hayato Ikeda
0%
Primer PM 1950s Hendrik Verwoerd
0%
Intervención y nacionalización bancaria 1969 Indira Gandhi
0%
Economista Indio 2 Jagadish Bhagwati
0%
India PM Independencia, License Raj Jawaharlal Nehru
0%
GdE, década infame 1930 José Félix Uriburu
0%
P Default 1982 José López Portillo
0%
P Perú actual desde febrero 2026 José María Balcázar
0%
Plan Cruzado Brasil 1986 José Sarney
0%
P 2010 - 2018 (Acuerdos Teatro Colón) Juan Manuel Santos
0%
Plan Austral Argentina 2 (M Eco) Juan Vital Sourrouille
0%
P Corea tras crisis asiática 1998 - 2003 Kim Dae-jung
0%
Gobs Concertación 3 Lagos
0%
Taiwan actual Lai Ching-te
0%
Singapur Lee Kuan Yew
0%
Taiwan: transición democrática Lee Teng-hui
0%
Malasia Mahathir Mohamad
0%
M Finanzas 1991 Manmohan Singh
0%
Parque industrial 3 Mekelle
0%
Liberal post-Default 1982 Miguel de la Madrid
0%
Gestión recesión 2016 tras colapso petróleo Muhammadu Buhari
0%
PM India hoy Narendra Modi
0%
P 2003-2007 Argentina Néstor Kirchner
0%
M Finanzas (2003-06, 11-15), alivio deuda Club París 2005 18 m M USD Ngozi Okonjo-Iweala:
0%
Vietnam 1986 bajo Nguyen Van Linh
0%
P Perú (2011–2016) Ollanta Humala
0%
Chicago Boys 2 Pablo Baraona
0%
P Corea del Sur 1961 - 1979 Park Chung-hee
0%
P Perú (2016-2018) Pedro Pablo Kuczynski
0%
PM India 1991 bancarrota P. V. Narasimha Rao,
0%
Gobernador Banco Reserva India 2013 - 2016 Raghuram Rajan
0%
India Primer Presidente Rajendra Prasad
0%
Plan Austral Argentina 1 (P 1983-1989) Raúl Alfonsín
0%
P Corea 1988 - 1993 Roh Tae-woo
0%
Chicago Boys 1 Sergio de Castro
0%
Japón Recuperación económica 1946 y dependencia EEUU Shigeru Yoshida
0%
MAE Subrahmanyam Jaishankar
0%
Singapur actual Tharman Shanmugaratnam
0%
Myanmar Thein Sein
0%
Oportunidades: 2002 Vicente Fox
0%
Japón Liberalización 1980s Yasuhiro Nakasone
0%
P Corea h 2025, estrecha EEUU, reconcilia Japón y distancia Pekín Yoon Suk-yeol
0%
No se encontraron pruebas coincidentes
Distribución de puntuación
Porcentaje de gente con cada puntuación
Porcentaje por número respondido
Historial de tus puntuaciones
No has intentado esta prueba desde el último reinicio